| 000 | 00546nam a2200205Ia 4500 | ||
|---|---|---|---|
| 003 | OSt | ||
| 005 | 20251119154011.0 | ||
| 008 | 210210b1909 xxu||||| |||| 00| 0 eng d | ||
| 040 | _cAL | ||
| 041 | _aKannada | ||
| 082 | _a851/254 | ||
| 100 |
_aPADMANANKA _dಪದ್ಮಾನಂಕ _9246378 |
||
| 245 |
_aPadmaraja puranam _bಪದ್ಮರಾಜ ಪುರಾಣಂ |
||
| 260 |
_aBengaluru _b- _c1909 |
||
| 650 |
_apuranam _9246379 |
||
| 650 |
_aPadmaraja _9246380 |
||
| 690 |
_aKannada Poetry _9246381 |
||
| 906 | _a018272 | ||
| 942 |
_2ddc _cBK |
||
| 999 |
_c141395 _d141395 |
||